[Event "CZE-chT U12"]
[Site "Jihlava"]
[Date "2022.06.12"]
[Round "9.4"]
[White "Ruzicka, Oto"]
[Black "Koupil, Stepan"]
[Result "1-0"]
[WhiteElo "1209"]
[BlackElo "1450"]
[PlyCount "63"]
[EventDate "2022.06.10"]
[EventType "team-swiss"]
[EventRounds "9"]
[EventCountry "CZE"]
[SourceTitle "CBM 209 Extra"]
[Source "ChessBase"]
[SourceDate "2022.09.30"]
[SourceVersion "1"]
[SourceVersionDate "2022.09.30"]
[SourceQuality "1"]
[WhiteTeam "Grygov U12"]
[BlackTeam "Polabiny U12"]
[WhiteTeamCountry "CZE"]
[BlackTeamCountry "CZE"]

1. e4 e5 2. f4 exf4 3. Nf3 Be7 4. Bc4 Bh4+ 5. Kf1 d6 6. d3 Bg4 7. Bxf4 Qf6 8. Bd2 Bxf3 9. Qxf3 Ne7 10. Bc3 Qxf3+ 11. gxf3 0-0 12. Rg1 g6 13. Nd2 Nec6 14. f4 Nd7 15. Ke2 Nb6 16. Bb3 Rae8 17. f5 Ne5 18. fxg6 hxg6 19. Nf3 Bf6 20. Rg2 Bg7 21. h4 Nxf3 22. Kxf3 Bxc3 23. bxc3 Kh7 24. Rh1 Re5 25. Ke3 Rh5 26. Rf2 f6 27. c4 Kh6 28. c3 g5 29. hxg5+ Kxg5 30. Rf5+ Kg6 31. Rfxh5 a6 32. Rh7 1-0

[Event "CZE-chT U12"]
[Site "Jihlava"]
[Date "2022.06.11"]
[Round "3.4"]
[White "Koupil, Stepan"]
[Black "Herman, Michal"]
[Result "0-1"]
[WhiteElo "1450"]
[BlackElo "1145"]
[PlyCount "92"]
[EventDate "2022.06.10"]
[EventType "team-swiss"]
[EventRounds "9"]
[EventCountry "CZE"]
[SourceTitle "CBM 209 Extra"]
[Source "ChessBase"]
[SourceDate "2022.09.30"]
[SourceVersion "1"]
[SourceVersionDate "2022.09.30"]
[SourceQuality "1"]
[WhiteTeam "Polabiny U12"]
[BlackTeam "Plzen Sokol U12"]
[WhiteTeamCountry "CZE"]
[BlackTeamCountry "CZE"]

1. e4 e5 2. Nf3 Nc6 3. d4 Nxd4 4. Nxd4 exd4 5. Qxd4 b6 6. Bc4 Qf6 7. e5 Qf5 8. 0-0 Bb7 9. Be3 Bc5 10. Qf4 Qxf4 11. Bxf4 d5 12. exd6 cxd6 13. Re1+ Ne7 14. a3 d5 15. Bb5+ Kd8 16. Nc3 a6 17. Bd3 Re8 18. Na4 Rc8 19. b4 Bd4 20. Rac1 Bc6 21. c3 Bxf2+ 22. Kxf2 Bxa4 23. Bxa6 Rc6 24. Bd3 Rf6 25. Kg3 Bb3 26. Bg5 Re6 27. Rxe6 fxe6 28. Re1 Kd7 29. Bxe7 Rxe7 30. Bxh7 g6 31. Bg8 d4 32. cxd4 Rg7 33. Bxe6+ Bxe6 34. Kf4 Bf5 35. g4 Bd3 36. Ke3 Re7+ 37. Kd2 Rxe1 38. Kxe1 Ke6 39. Kd2 Bb5 40. Ke3 g5 41. Kf3 Kd5 42. Ke3 Ba4 43. Kd3 Bd1 44. Ke3 Bxg4 45. Kd3 Bf5+ 46. Kc3 b5 0-1

[Event "CZE-chT U12"]
[Site "Jihlava"]
[Date "2022.06.10"]
[Round "2.4"]
[White "Kroulik, Stepan"]
[Black "Koupil, Stepan"]
[Result "0-1"]
[WhiteElo "1251"]
[BlackElo "1450"]
[PlyCount "77"]
[EventDate "2022.06.10"]
[EventType "team-swiss"]
[EventRounds "9"]
[EventCountry "CZE"]
[SourceTitle "CBM 209 Extra"]
[Source "ChessBase"]
[SourceDate "2022.09.30"]
[SourceVersion "1"]
[SourceVersionDate "2022.09.30"]
[SourceQuality "1"]
[WhiteTeam "Rychnov nad Kneznou U12"]
[BlackTeam "Polabiny U12"]
[WhiteTeamCountry "CZE"]
[BlackTeamCountry "CZE"]

1. e4 e5 2. Nf3 Nc6 3. Bb5 Nf6 4. Bxc6 dxc6 5. d3 Bd6 6. Nbd2 0-0 7. 0-0 Re8 8. b3 Bg4 9. Bb2 Bb4 10. Nc4 Bd6 11. h3 Bxf3 12. Qxf3 Nd7 13. Rad1 c5 14. Qg3 f6 15. h4 Nb6 16. Ne3 Kh8 17. h5 h6 18. Nf5 Rg8 19. Bc1 Qe8 20. Qh4 Kh7 21. g4 Be7 22. Kh1 Rd8 23. Rg1 Qf7 24. f4 exf4 25. Bxf4 c6 26. e5 fxe5 27. Nxe7 Rge8 28. Nxc6 bxc6 29. Bg3 Qf3+ 30. Kh2 Qe2+ 31. Kh3 Qxc2 32. Rc1 Qxa2 33. Bxe5 Rxd3+ 34. Bg3 Qxb3 35. Rxc5 Rc8 36. Qe7 Qb4 37. Kh4 Nd7 38. Be5 Rg8 39. Rgc1 0-1

[Event "CZE-ch U10"]
[Site "Luhacovice"]
[Date "2022.03.18"]
[Round "8"]
[White "Koupil, Stepan"]
[Black "Sochor, Antonin"]
[Result "0-1"]
[WhiteElo "1516"]
[BlackElo "1666"]
[PlyCount "102"]
[EventDate "2022.03.12"]
[EventType "swiss"]
[EventRounds "9"]
[EventCountry "CZE"]
[SourceTitle "EXT 2023"]
[Source "ChessBase"]
[SourceDate "2022.10.05"]
[SourceVersion "1"]
[SourceVersionDate "2022.10.05"]
[SourceQuality "1"]

1. e4 d6 2. d4 Nf6 3. Nc3 Nbd7 4. Nf3 e5 5. dxe5 dxe5 6. Bc4 Bc5 7. 0-0 0-0 8. Bg5 c6 9. Qe2 a5 10. a4 h6 11. Bh4 Re8 12. Rad1 Qb6 13. b3 Be7 14. h3 Qc7 15. Rfe1 Nf8 16. Bg3 Bb4 17. Qe3 b6 18. Rf1 Bxc3 19. Qxc3 Nxe4 20. Qb2 Nxg3 21. fxg3 b5 22. axb5 cxb5 23. Bd5 Bb7 24. Bxb7 Qxb7 25. Nxe5 Qc7 26. Nd3 Qxg3 27. Rf3 Qg6 28. Kh2 Re2 29. Rg3 Qh7 30. Rc1 Ne6 31. Re1 Rxe1 32. Nxe1 a4 33. bxa4 bxa4 34. Qb7 Rd8 35. Rd3 Rf8 36. Nf3 Nc5 37. Qa7 Nxd3 38. cxd3 Qxd3 39. Qxa4 Rc8 40. Qd4 Qb1 41. Qd7 Qb8+ 42. Kg1 Qb1+ 43. Kh2 Qb8+ 44. Kg1 Rc1+ 45. Kf2 Qb6+ 46. Kg3 Qg6+ 47. Kh2 Rc2 48. Ne1 Re2 49. Qd1 Qe4 50. Qd8+ Kh7 51. Qd3 Rxe1 0-1

[Event "CZE-ch U10"]
[Site "Luhacovice"]
[Date "2022.03.16"]
[Round "6"]
[White "Koupil, Stepan"]
[Black "Hladky, Mikulas"]
[Result "1/2-1/2"]
[WhiteElo "1516"]
[BlackElo "1449"]
[PlyCount "78"]
[EventDate "2022.03.12"]
[EventType "swiss"]
[EventRounds "9"]
[EventCountry "CZE"]
[SourceTitle "EXT 2023"]
[Source "ChessBase"]
[SourceDate "2022.10.05"]
[SourceVersion "1"]
[SourceVersionDate "2022.10.05"]
[SourceQuality "1"]

1. e4 e5 2. Nf3 Nc6 3. d4 exd4 4. Nxd4 Bc5 5. Be3 Qf6 6. c3 Nge7 7. Qf3 Nxd4 8. Qxf6 Nc2+ 9. Kd2 Bxe3+ 10. fxe3 gxf6 11. Kxc2 Rg8 12. g3 c6 13. Nd2 d6 14. Bd3 Bh3 15. Nc4 0-0-0 16. Rae1 Ng6 17. Re2 Ne5 18. Nd2 Nxd3 19. Kxd3 d5 20. exd5 Rxd5+ 21. Kc2 Be6 22. e4 Ra5 23. a3 f5 24. Kc1 fxe4 25. Nxe4 Rd8 26. Re3 Bb3 27. Nd2 Be6 28. Rf1 Rh5 29. h4 Rf5 30. Rg1 Rfd5 31. Nf3 Bf5 32. Nd4 Bg6 33. Nf3 Rd3 34. Rxd3 Rxd3 35. Ne5 Re3 36. Nc4 Re2 37. Nd2 Re6 38. g4 Re7 39. h5 Bd3 1/2-1/2

[Event "CZE-ch U10"]
[Site "Luhacovice"]
[Date "2022.03.14"]
[Round "3"]
[White "Bara, Jan"]
[Black "Koupil, Stepan"]
[Result "1-0"]
[WhiteElo "1360"]
[BlackElo "1516"]
[PlyCount "131"]
[EventDate "2022.03.12"]
[EventType "swiss"]
[EventRounds "9"]
[EventCountry "CZE"]
[SourceTitle "EXT 2023"]
[Source "ChessBase"]
[SourceDate "2022.10.05"]
[SourceVersion "1"]
[SourceVersionDate "2022.10.05"]
[SourceQuality "1"]

1. c4 Nf6 2. Nc3 e6 3. g3 d5 4. cxd5 exd5 5. d4 Be7 6. Qc2 0-0 7. Bg2 c6 8. h4 g6 9. Bh6 Re8 10. f3 Bf5 11. Qd2 Qd6 12. Bf4 Qd8 13. g4 Be6 14. h5 Nfd7 15. g5 Nf8 16. h6 Nbd7 17. e4 Nb6 18. b3 a5 19. Kf2 dxe4 20. fxe4 Bd6 21. Bxd6 Qxd6 22. d5 cxd5 23. Qd4 f6 24. Qxf6 Re7 25. Nf3 Nbd7 26. Qd4 Ra6 27. exd5 Bf5 28. Rhe1 Rf7 29. Nb5 Qb6 30. Qxb6 Rxb6 31. Nbd4 Rd6 32. Nxf5 Rxf5 33. Rac1 Rdxd5 34. Rc7 b5 35. Bh3 Rf7 36. Re8 Re5 37. Rxe5 Nxe5 38. Rxf7 Nxf7 39. Bf1 b4 40. Ke3 Ne6 41. Bc4 Ned8 42. Ne5 Kf8 43. Nf3 Ke7 44. Kd4 Kd6 45. Bd5 Ne6+ 46. Bxe6 Kxe6 47. Kc5 Kf5 48. Kb5 Nxg5 49. Nd4+ Ke4 50. Nc6 Nf7 51. Kxa5 g5 52. Kxb4 g4 53. Kc3 g3 54. Nd4 g2 55. Ne2 Nxh6 56. Kd2 Nf5 57. a4 Kd5 58. Nf4+ Kc5 59. Nxg2 Kb4 60. Ne3 Nd4 61. Nc2+ Nxc2 62. Kxc2 h5 63. Kd3 h4 64. Ke3 Kxb3 65. a5 h3 66. Kf3 1-0

[Event "CZE-ch U10"]
[Site "Luhacovice"]
[Date "2022.03.14"]
[Round "4"]
[White "Koupil, Stepan"]
[Black "Sudrich, Radek1111"]
[Result "1-0"]
[WhiteElo "1516"]
[BlackElo "2061"]
[PlyCount "31"]
[EventDate "2022.03.12"]
[EventType "swiss"]
[EventRounds "9"]
[EventCountry "CZE"]
[SourceTitle "EXT 2023"]
[Source "ChessBase"]
[SourceDate "2022.10.05"]
[SourceVersion "1"]
[SourceVersionDate "2022.10.05"]
[SourceQuality "1"]

1. e4 e5 2. Nf3 Nc6 3. d4 exd4 4. Nxd4 Bc5 5. Be3 Qf6 6. c3 Nge7 7. Be2 Bxd4 8. cxd4 0-0 9. 0-0 d6 10. Nc3 a6 11. Qd2 Qg6 12. Kh1 f5 13. Bd3 fxe4 14. Bxe4 Bf5 15. Bf3 Bh3 16. Bxc6 1-0